|
|
|
|
| LEADER |
01198nam a2200253 u 4500 |
| 001 |
10052264 |
| 003 |
GR-PaULI |
| 005 |
20240403113554.0 |
| 008 |
881025s2017 gr p gre |
| 952 |
|
|
|0 0
|1 0
|2 ddc
|4 0
|6 821_912000000000000_ΕΛΙ
|7 0
|9 362671
|a LISP
|b LISP
|c DON
|d 2022-07-19
|e ΠΑΤ
|i 149178
|l 0
|o 821.912 ΕΛΙ
|p 025000294429
|r 2022-07-19 00:00:00
|t 1
|w 2022-07-19
|y BKN
|
| 999 |
|
|
|c 211910
|d 211910
|
| 020 |
|
|
|a 9786185202163
|
| 040 |
|
|
|a GR-PaULI
|c GR-PaULI
|b gre
|e AACR2
|
| 041 |
1 |
|
|a gre
|h eng
|
| 082 |
0 |
4 |
|a 821.912
|2 23
|
| 100 |
1 |
|
|a Eliot, T. S.
|q (Thomas Stearns),
|d 1888-1965
|e συγγραφέας.
|9 6094
|
| 245 |
1 |
3 |
|a Το ερωτικό τραγούδι του Τζ. Άλφρεδ Προύφροκ /
|b
|c T.S. Eliot ; μετάφραση, εισαγωγή, επίμετρο Άλκης Άβερμπαχ.
|
| 260 |
|
|
|a Αθήνα :
|b Κουκούτσι,
|c 2017.
|
| 300 |
|
|
|a 41 σ. ;
|b
|c 25 εκ.
|
| 490 |
1 |
|
|a Ξένη ποίηση / Κουκούτσι
|v 9
|
| 700 |
1 |
|
|9 193084
|a Άβερμπαχ, Άλκης
|e μεταφραστής,
|e συγγραφέας εισαγωγής.
|
| 830 |
|
0 |
|9 193085
|a Ξένη ποίηση (Κουκούτσι)
|v 9.
|
| 942 |
|
|
|2 ddc
|c BKN
|
| 998 |
|
|
|c ΜΠΟΥΡΑΣ
|d 2022-07
|